| 000 | 01758nam a2200385 c 4500 | ||
|---|---|---|---|
| 001 | 59450 | ||
| 003 | CO-BoRNBP | ||
| 005 | 20251015204011.0 | ||
| 007 | ta | ||
| 008 | 250129s2024 ck a|||br||| 000 0jdspa d | ||
| 020 | _a9789580716914 | ||
| 040 |
_aCO-BoRNBP _bspa _erda _cCO-BoRNBP |
||
| 041 | 0 | _aspa | |
| 043 | _as-ck--- | ||
| 084 | _aC | ||
| 100 |
_aRomán, Celso, _d1947- _eaut |
||
| 245 | 1 | 0 |
_aGigantes / _cCelso Román ; ilustraciones de Alekos ; edición Miguel Ángel Rosado. |
| 250 | _aEdición especial | ||
| 264 | 1 |
_aBogotá, Colombia : _bSusaeta, _c2024 |
|
| 300 |
_a34 páginas : _bilustraciones a color |
||
| 336 |
_atexto _btxt _2rdacontenido |
||
| 337 |
_asin mediación _bn _2rdamedio |
||
| 338 |
_avolumen _bnc _2rdasoporte |
||
| 520 | _aUna colección especialmente pensada para motivar a los más pequeños. Con letra grande y manuscrita para facilitar la lectura, y muchos pictogramas divertidos. ¡Adivina su significado o consúltalo en el diccionario que hay en el libro! En esta ocasión los protagonistas son los gigantes. Descubre las mejores historias y las anécdotas más sorprendentes de estos peculiares personajes | ||
| 521 | _aRecomendado para un público infantil a partir de los 6 años | ||
| 545 | _aIncluye datos biográficos del autor | ||
| 650 | 0 | 7 |
_aEducación ambiental _xLiteratura infantil _2LEMB _9912 |
| 650 | 0 | 7 |
_aConservación de la naturaleza _xLiteratura infantil _2lemb _959377 |
| 650 | 0 | 4 |
_aCuentos infantiles colombianos _ySiglo XXI _2LEMB _9965 |
| 650 | 0 | 4 |
_aLiteratura infantil colombiana _ySiglo XXI _2LEMB _9966 |
| 700 |
_aAlekos, _d1953- , _eill _923374 |
||
| 700 |
_aRosado, Miguel Ángel _eedt _959379 |
||
| 830 | _aPlan Nacional de lectura y escritura leer es mi cuento | ||
| 942 |
_2loc _cBKLITI |
||
| 999 |
_c59450 _d59450 |
||